000 01214nam a22004570a 4500
001 UByD000739
003 AR-LpoUNG
005 20220716193139.0
008 220712s1972||||ag |||||||||||||||||spa d
040 _aAR-LpoUNG
_bspa
_cAR-LpoUNG
_eaacr
041 _aspa
044 _aag
082 0 _a982.063 772apu
100 1 _aCooke, John William
245 1 0 _aApuntes para la militancia :
_bperonismo crítico
260 _aBuenos Aires :
_bSchapire,
_c1971.
300 _a115 p.
650 4 _aARGENTINA
650 4 _aHISTORIA
650 4 _aHISTORIA NACIONAL
650 4 _aHISTORIA POLITICA
650 4 _aHISTORIA SOCIAL
650 4 _aANALISIS HISTORICO
650 4 _aIDEOLOGIAS POLITICAS
650 4 _aAFILIACION POLITICA
650 4 _aESTADO
650 4 _aLUCHA DE CLASES
650 4 _aCLASE OBRERA
650 4 _aPARTICIPACION DE LOS TRABAJADORES
650 4 _aCAMBIO SOCIAL
650 4 _aMOVIMIENTOS SOCIALES
650 4 _aPOLITICA INTERNA
650 4 _aTEORIA POLITICA
650 4 _aPOLITICOS
653 0 _aHISTORIA ARGENTINA
653 0 _aPERONISMO
653 0 _aPERON, JUAN DOMINGO
700 1 _aDuhalde, Eduardo
_epról.
905 _a30906
942 _cLIB
_2ddc
999 _c63424
_d63424